| 000 | 00860cam a22002174a 4500 | ||
|---|---|---|---|
| 005 | 20250605164032.0 | ||
| 008 | 250528s ||||||||||||||||||||||||d | ||
| 035 | _a16666 | ||
| 020 | _a1555424430 | ||
| 040 |
_aGR-AtMCL _bgre _dGR-AtMCL _eAACR2 |
||
| 245 | 1 | _aOrganizational Architecture / Designs for Changing Organizations | |
| 260 |
_bJossey-Bass Publishers, _c1992 |
||
| 300 | _a290 | ||
| 520 | _aThis book gives an outstanding overview of the new logic of organizing complex organizations. Preface, Architectures of Change, Designing Formal Organizational Arrangements, Transforming the Informal Organization, Designing Senior Management, The Road from Decline to Competitiveness. | ||
| 700 | 1 |
_aGerstein Marc S _92748 |
|
| 700 | 1 |
_aNadler David A _92749 |
|
| 700 | 1 |
_aShaw Robert B _92750 |
|
| 942 | _cBK | ||
| 999 |
_c2141 _d2141 |
||